[Event "ABC-4 2025 Groep A"]
[Site "Utrecht"]
[Date "2025.03.15"]
[Round "1.1"]
[White "Van Hesselingen, Guido"]
[Black "Ramdien, Steven"]
[Result "1/2-1/2"]
[WhiteFideId "8795941"]
[BlackFideId "8722626"]
[WhiteElo "2173"]
[BlackElo "1876"]

1. e4 {[%clk 00:55:15]} {[%emt 00:00:04]} c5 {[%clk 00:55:15]} {[%emt
00:00:06]} 2. Nf3 {[%clk 00:55:20]} {[%emt 00:00:05]} e6 {[%clk 00:55:05]}
{[%emt 00:00:20]} 3. d4 {[%clk 00:55:24]} {[%emt 00:00:06]} cxd4 {[%clk
00:55:09]} {[%emt 00:00:06]} 4. Nxd4 {[%clk 00:55:30]} {[%emt 00:00:05]} Nc6
{[%clk 00:55:12]} {[%emt 00:00:06]} 5. Nc3 {[%clk 00:55:02]} {[%emt 00:00:38]}
a6 {[%clk 00:54:07]} {[%emt 00:01:16]} 6. Be3 {[%clk 00:51:11]} {[%emt
00:04:00]} Qc7 {[%clk 00:53:52]} {[%emt 00:00:25]} 7. Bd3 {[%clk 00:50:16]}
{[%emt 00:01:04]} Nf6 {[%clk 00:51:55]} {[%emt 00:02:07]} 8. O-O {[%clk
00:49:59]} {[%emt 00:00:28]} Be7 {[%clk 00:50:30]} {[%emt 00:01:35]} 9. Na4
{[%clk 00:42:50]} {[%emt 00:07:19]} b5 {[%clk 00:42:03]} {[%emt 00:08:37]} 10.
Nxc6 {[%clk 00:42:20]} {[%emt 00:00:41]} dxc6 {[%clk 00:40:50]} {[%emt
00:01:22]} 11. Nb6 {[%clk 00:41:03]} {[%emt 00:01:27]} Rb8 {[%clk 00:40:35]}
{[%emt 00:00:25]} 12. Nxc8 {[%clk 00:41:02]} {[%emt 00:00:12]} Rxc8 {[%clk
00:40:34]} {[%emt 00:00:11]} 13. Qe2 {[%clk 00:36:01]} {[%emt 00:05:10]} e5
{[%emt 00:08:04]} 14. c4 {[%clk 00:29:41]} O-O {[%clk 00:35:45]} {[%emt
00:03:35]} 15. Rac1 {[%clk 00:27:52]} {[%emt 00:02:00]} b4 {[%clk 00:32:29]}
{[%emt 00:03:25]} 16. g3 {[%clk 00:20:35]} {[%emt 00:07:27]} c5 {[%clk
00:29:53]} {[%emt 00:02:46]} 17. f4 {[%clk 00:19:28]} {[%emt 00:01:17]} Nd7
{[%clk 00:28:16]} {[%emt 00:01:48]} 18. Rcd1 {[%clk 00:17:42]} {[%emt
00:01:56]} f6 {[%clk 00:25:50]} {[%emt 00:02:34]} 19. Bc2 {[%clk 00:16:03]}
{[%emt 00:01:50]} Nb6 {[%clk 00:24:41]} {[%emt 00:01:19]} 20. Qg4 {[%clk
00:14:18]} {[%emt 00:01:54]} Qc6 {[%clk 00:22:28]} {[%emt 00:02:23]} 21. Qh5
{[%clk 00:12:16]} {[%emt 00:02:12]} Qe6 {[%clk 00:19:33]} {[%emt 00:03:05]} 22.
Rd5 {[%clk 00:08:29]} {[%emt 00:03:57]} g6 {[%clk 00:17:57]} {[%emt 00:01:46]}
23. f5 {[%clk 00:08:25]} {[%emt 00:00:14]} Qf7 {[%clk 00:14:03]} {[%emt
00:04:05]} 24. fxg6 {[%clk 00:07:36]} {[%emt 00:00:59]} hxg6 {[%clk 00:14:06]}
{[%emt 00:00:06]} 25. Qg4 {[%clk 00:07:35]} {[%emt 00:00:11]} Nxd5 {[%clk
00:10:35]} {[%emt 00:03:41]} 26. cxd5 {[%clk 00:07:40]} {[%emt 00:00:05]} Kg7
{[%clk 00:07:11]} {[%emt 00:03:34]} 27. Ba4 {[%clk 00:07:12]} {[%emt 00:00:38]}
Bd6 {[%clk 00:05:21]} {[%emt 00:02:00]} 28. Bd7 {[%clk 00:06:58]} {[%emt
00:00:25]} Rc7 {[%clk 00:04:50]} {[%emt 00:00:41]} 29. Be6 {[%clk 00:07:02]}
{[%emt 00:00:06]} Qe7 {[%clk 00:04:46]} {[%emt 00:00:13]} 30. Qe2 {[%clk
00:04:32]} {[%emt 00:02:39]} c4 {[%clk 00:04:41]} {[%emt 00:00:15]} 31. Kh1
{[%clk 00:04:08]} {[%emt 00:00:36]} a5 {[%clk 00:04:39]} {[%emt 00:00:12]} 32.
g4 {[%clk 00:04:12]} {[%emt 00:00:05]} a4 {[%clk 00:03:15]} {[%emt 00:01:35]}
33. Qd2 {[%clk 00:03:37]} {[%emt 00:00:44]} c3 {[%clk 00:02:05]} {[%emt
00:01:20]} 34. bxc3 {[%clk 00:01:48]} {[%emt 00:02:00]} bxc3 {[%clk 00:02:14]}
35. Qc1 {[%clk 00:01:12]} {[%emt 00:00:46]} g5 {[%clk 00:01:25]} {[%emt
00:01:00]} 36. Rf3 {[%clk 00:00:35]} {[%emt 00:00:47]} Bc5 {[%clk 00:00:53]}
{[%emt 00:00:41]} 37. Qxc3 {[%clk 00:00:25]} {[%emt 00:00:20]} Bxe3 {[%clk
00:01:01]} {[%emt 00:00:02]} 38. Qxe3 {[%clk 00:00:33]} {[%emt 00:00:01]} Qc5
{[%clk 00:00:27]} {[%emt 00:00:44]} 39. Qxc5 {[%clk 00:00:25]} {[%emt
00:00:18]} Rxc5 {[%clk 00:00:37]} 40. d6 {[%clk 00:00:18]} {[%emt 00:00:17]}
Rd8 {[%clk 00:00:27]} {[%emt 00:00:19]} 41. d7 {[%clk 00:00:23]} {[%emt
00:00:06]} Rc6 {[%clk 00:00:18]} {[%emt 00:00:16]} 42. Bf5 {[%clk 00:00:25]}
{[%emt 00:00:10]} Kf8 {[%clk 00:00:22]} {[%emt 00:00:06]} 43. Rh3 {[%clk
00:00:28]} {[%emt 00:00:08]} Ke7 {[%clk 00:00:16]} {[%emt 00:00:15]} 44. Ra3
{[%clk 00:00:16]} {[%emt 00:00:22]} Rc4 {[%clk 00:00:20]} {[%emt 00:00:04]} 45.
Kg2 {[%clk 00:00:23]} {[%emt 00:00:05]} Kd6 {[%clk 00:00:19]} {[%emt 00:00:11]}
46. Kf3 {[%clk 00:00:29]} {[%emt 00:00:03]} Kc5 {[%clk 00:00:21]} {[%emt
00:00:09]} 47. Be6 {[%clk 00:00:28]} {[%emt 00:00:10]} Kb4 {[%clk 00:00:13]}
{[%emt 00:00:19]} 48. Rxa4+ {[%clk 00:00:11]} {[%emt 00:00:27]} Kxa4 {[%clk
00:00:20]} {[%emt 00:00:03]} 49. Bxc4 {[%clk 00:00:20]} Rxd7 {[%clk 00:00:28]}
{[%emt 00:00:02]} 50. Bd5 {[%clk 00:00:22]} {[%emt 00:00:08]} Kb4 {[%clk
00:00:27]} {[%emt 00:00:11]} 51. Kg3 {[%clk 00:00:19]} {[%emt 00:00:13]}
1/2-1/2

[Event "ABC-4 2025 Groep A"]
[Site "Utrecht"]
[Date "2025.03.15"]
[Round "1.2"]
[White "Waersegers, Brent"]
[Black "Moskalets, Sofia"]
[Result "0-1"]
[WhiteFideId "8613803"]
[BlackFideId "9002081"]
[WhiteElo "1847"]
[BlackElo "2150"]

1. e4 {[%clk 00:55:16]} {[%emt 00:00:03]} c5 {[%clk 00:55:14]} {[%emt
00:00:06]} 2. Nf3 {[%clk 00:55:15]} {[%emt 00:00:11]} Nc6 {[%clk 00:55:18]}
{[%emt 00:00:07]} 3. Nc3 {[%clk 00:53:42]} {[%emt 00:01:42]} e6 {[%clk
00:55:20]} {[%emt 00:00:08]} 4. Bc4 {[%clk 00:51:20]} {[%emt 00:02:32]} a6
{[%clk 00:53:50]} {[%emt 00:01:40]} 5. a4 {[%clk 00:50:42]} {[%emt 00:00:48]}
Nf6 {[%clk 00:49:59]} {[%emt 00:04:01]} 6. Qe2 {[%clk 00:46:47]} {[%emt
00:04:06]} d6 {[%clk 00:47:39]} {[%emt 00:02:30]} 7. d3 {[%clk 00:45:21]}
{[%emt 00:01:36]} Be7 {[%clk 00:46:55]} {[%emt 00:00:53]} 8. O-O {[%clk
00:44:49]} {[%emt 00:00:42]} O-O {[%clk 00:46:39]} {[%emt 00:00:26]} 9. Bg5
{[%clk 00:41:40]} {[%emt 00:03:19]} h6 {[%clk 00:43:51]} {[%emt 00:02:58]} 10.
Bh4 {[%clk 00:40:30]} {[%emt 00:01:20]} Qc7 {[%clk 00:41:45]} {[%emt 00:02:16]}
11. h3 {[%clk 00:37:06]} {[%emt 00:03:34]} b6 {[%clk 00:34:31]} {[%emt
00:07:24]} 12. Bg3 {[%clk 00:34:01]} {[%emt 00:03:16]} Bb7 {[%clk 00:31:27]}
{[%emt 00:03:14]} 13. e5 {[%clk 00:29:38]} {[%emt 00:04:33]} dxe5 {[%clk
00:30:19]} {[%emt 00:01:18]} 14. Nxe5 {[%clk 00:27:56]} {[%emt 00:01:52]} Nd4
{[%clk 00:22:16]} {[%emt 00:08:13]} 15. Qd1 {[%clk 00:27:01]} {[%emt 00:01:05]}
Bd6 {[%clk 00:22:02]} {[%emt 00:00:24]} 16. f4 {[%clk 00:25:39]} {[%emt
00:01:32]} Nf5 {[%clk 00:20:07]} {[%emt 00:02:05]} 17. Bf2 {[%clk 00:24:47]}
{[%emt 00:01:01]} Bxe5 {[%clk 00:18:59]} {[%emt 00:01:18]} 18. fxe5 {[%clk
00:24:50]} {[%emt 00:00:08]} Qxe5 {[%clk 00:19:03]} {[%emt 00:00:06]} 19. Re1
{[%clk 00:24:18]} {[%emt 00:00:42]} Qc7 {[%clk 00:17:51]} {[%emt 00:01:22]} 20.
Rxe6 {[%clk 00:22:20]} {[%emt 00:02:07]} fxe6 {[%clk 00:17:43]} {[%emt
00:00:18]} 21. Bxe6+ {[%clk 00:22:25]} {[%emt 00:00:06]} Kh8 {[%clk 00:17:47]}
{[%emt 00:00:06]} 22. Bxf5 {[%clk 00:22:19]} {[%emt 00:00:16]} Qf4 {[%clk
00:17:25]} {[%emt 00:00:32]} 23. Bg6 {[%clk 00:21:04]} {[%emt 00:01:25]} Bxg2
{[%clk 00:13:52]} {[%emt 00:03:43]} 24. Kxg2 {[%clk 00:20:14]} {[%emt
00:01:00]} Qg5+ {[%clk 00:13:48]} {[%emt 00:00:14]} 25. Kh2 {[%clk 00:19:19]}
{[%emt 00:01:05]} Qxg6 {[%clk 00:13:47]} {[%emt 00:00:11]} 26. a5 {[%clk
00:19:00]} {[%emt 00:00:29]} Nh5 {[%clk 00:11:37]} {[%emt 00:02:19]} 27. Ne4
{[%clk 00:18:48]} {[%emt 00:00:21]} Nf6 {[%clk 00:07:51]} {[%emt 00:03:56]} 28.
Ng3 {[%clk 00:17:43]} {[%emt 00:01:15]} Ng4+ {[%clk 00:07:08]} {[%emt
00:00:53]} 29. Qxg4 {[%clk 00:17:07]} {[%emt 00:00:46]} Qxg4 {[%clk 00:07:01]}
{[%emt 00:00:17]} 30. hxg4 {[%clk 00:17:13]} {[%emt 00:00:04]} Rxf2+ {[%clk
00:07:07]} {[%emt 00:00:04]} 31. Kg1 {[%clk 00:16:57]} {[%emt 00:00:26]} Rxc2
{[%clk 00:07:10]} {[%emt 00:00:07]} 32. axb6 {[%clk 00:17:01]} {[%emt
00:00:06]} Rxb2 {[%clk 00:07:16]} {[%emt 00:00:04]} 33. Ne4 {[%clk 00:17:04]}
{[%emt 00:00:07]} Rxb6 {[%clk 00:07:15]} {[%emt 00:00:11]} 34. Nxc5 {[%clk
00:16:36]} {[%emt 00:00:38]} Rg6 {[%clk 00:07:10]} {[%emt 00:00:15]} 35. Kf2
{[%clk 00:15:55]} {[%emt 00:00:51]} Rxg4 {[%clk 00:07:02]} {[%emt 00:00:18]} 36.
Ne6 {[%clk 00:14:55]} {[%emt 00:01:11]} Re8 {[%clk 00:05:33]} {[%emt 00:01:38]}
37. Rxa6 {[%clk 00:14:15]} {[%emt 00:00:50]} Rg6 {[%clk 00:05:33]} {[%emt
00:00:10]} 38. Nc7 {[%clk 00:13:54]} {[%emt 00:00:32]} Rf8+ {[%clk 00:05:26]}
{[%emt 00:00:16]} 39. Ke3 {[%clk 00:13:57]} {[%emt 00:00:08]} Rxa6 {[%clk
00:05:30]} {[%emt 00:00:06]} 40. Nxa6 {[%clk 00:14:02]} {[%emt 00:00:05]} h5
{[%clk 00:05:36]} {[%emt 00:00:04]} 41. Nc5 {[%clk 00:14:06]} {[%emt 00:00:05]}
h4 {[%clk 00:05:12]} {[%emt 00:00:34]} 42. Ne4 {[%clk 00:13:43]} {[%emt
00:00:34]} h3 {[%clk 00:04:09]} {[%emt 00:01:12]} 43. Ng3 {[%clk 00:12:50]}
{[%emt 00:01:03]} h2 {[%clk 00:04:13]} {[%emt 00:00:06]} 44. Ke2 {[%clk
00:12:55]} {[%emt 00:00:06]} Kh7 {[%clk 00:03:54]} {[%emt 00:00:29]} 45. d4
{[%clk 00:12:55]} {[%emt 00:00:09]} Rf4 {[%clk 00:03:44]} {[%emt 00:00:20]} 46.
d5 {[%clk 00:12:50]} {[%emt 00:00:16]} Rg4 {[%clk 00:03:25]} {[%emt 00:00:28]}
47. d6 {[%clk 00:12:44]} {[%emt 00:00:16]} Rxg3 {[%clk 00:03:06]} {[%emt
00:00:29]} 48. d7 {[%clk 00:12:49]} {[%emt 00:00:05]} h1=Q {[%clk 00:02:59]}
{[%emt 00:00:17]} 49. d8=Q {[%clk 00:12:50]} {[%emt 00:00:09]} Qf3+ {[%clk
00:02:58]} {[%emt 00:00:11]} 50. Kd2 {[%clk 00:12:53]} {[%emt 00:00:08]} Rg2+
{[%clk 00:03:02]} {[%emt 00:00:06]} 0-1

[Event "ABC-4 2025 Groep A"]
[Site "Utrecht"]
[Date "2025.03.15"]
[Round "1.3"]
[White "Leenen, Boyd"]
[Black "Lalkota, Sai Pranav Tejas"]
[Result "1-0"]
[WhiteFideId "8809306"]
[BlackFideId "8930592"]
[WhiteElo "2018"]
[BlackElo "1840"]

1. Nf3 {[%clk 00:55:19]} d5 {[%clk 00:54:45]} {[%emt 00:00:35]} 2. e3 {[%clk
00:55:21]} {[%emt 00:00:07]} e6 {[%clk 00:54:41]} {[%emt 00:00:14]} 3. c4
{[%clk 00:55:26]} {[%emt 00:00:06]} c6 {[%clk 00:54:42]} {[%emt 00:00:08]} 4.
b3 {[%clk 00:55:31]} {[%emt 00:00:06]} Nf6 {[%clk 00:54:46]} {[%emt 00:00:06]}
5. Bb2 {[%clk 00:55:36]} {[%emt 00:00:05]} Be7 {[%clk 00:54:49]} {[%emt
00:00:06]} 6. Be2 {[%clk 00:55:34]} {[%emt 00:00:13]} Nbd7 {[%clk 00:54:42]}
{[%emt 00:00:16]} 7. O-O {[%clk 00:55:30]} {[%emt 00:00:15]} h5 {[%clk
00:54:40]} {[%emt 00:00:12]} 8. d4 {[%clk 00:50:25]} {[%emt 00:05:15]} Ng4
{[%clk 00:53:28]} {[%emt 00:01:22]} 9. Nbd2 {[%clk 00:44:28]} {[%emt 00:06:08]}
f5 {[%clk 00:52:49]} {[%emt 00:00:48]} 10. Ne5 {[%clk 00:39:37]} {[%emt
00:05:01]} Ndxe5 {[%clk 00:48:47]} {[%emt 00:04:12]} 11. dxe5 {[%clk 00:39:36]}
{[%emt 00:00:12]} Bb4 {[%clk 00:48:08]} {[%emt 00:00:44]} 12. Nf3 {[%clk
00:38:48]} {[%emt 00:01:02]} Qe7 {[%clk 00:47:13]} {[%emt 00:00:53]} 13. h3
{[%clk 00:32:43]} {[%emt 00:06:28]} Bd7 {[%clk 00:46:25]} {[%emt 00:00:56]} 14.
Ne1 {[%clk 00:26:05]} {[%emt 00:06:49]} Bxe1 {[%clk 00:44:33]} {[%emt
00:02:03]} 15. Qxe1 {[%clk 00:24:15]} {[%emt 00:02:01]} Qh4 {[%clk 00:43:43]}
{[%emt 00:00:57]} 16. f4 {[%clk 00:22:12]} {[%emt 00:02:16]} Qxe1 {[%clk
00:38:59]} {[%emt 00:04:54]} 17. Rfxe1 {[%clk 00:22:13]} {[%emt 00:00:08]} Nh6
{[%clk 00:36:38]} {[%emt 00:02:31]} 18. Bxh5+ {[%clk 00:22:16]} {[%emt
00:00:08]} Nf7 {[%clk 00:36:40]} {[%emt 00:00:08]} 19. Be2 {[%clk 00:22:14]}
{[%emt 00:00:10]} O-O-O {[%clk 00:36:16]} {[%emt 00:00:35]} 20. Rac1 {[%clk
00:21:21]} {[%emt 00:01:02]} Kb8 {[%clk 00:36:22]} {[%emt 00:00:06]} 21. Red1
{[%clk 00:20:35]} {[%emt 00:00:55]} g5 {[%clk 00:36:06]} {[%emt 00:00:26]} 22.
Ba3 {[%clk 00:20:22]} {[%emt 00:00:24]} Rde8 {[%clk 00:35:48]} {[%emt
00:00:23]} 23. Rc2 {[%clk 00:14:36]} {[%emt 00:06:01]} Rh4 {[%clk 00:34:35]}
{[%emt 00:01:19]} 24. Bc1 {[%clk 00:14:05]} {[%emt 00:00:44]} Rg8 {[%clk
00:33:33]} {[%emt 00:01:08]} 25. Kf2 {[%clk 00:13:29]} {[%emt 00:00:50]} g4
{[%clk 00:33:00]} {[%emt 00:00:41]} 26. hxg4 {[%clk 00:12:44]} {[%emt
00:00:57]} fxg4 {[%clk 00:33:01]} {[%emt 00:00:09]} 27. Kg3 {[%clk 00:11:55]}
{[%emt 00:00:59]} Nh6 {[%clk 00:31:48]} {[%emt 00:01:21]} 28. Bd3 {[%clk
00:11:40]} {[%emt 00:00:28]} Rh5 {[%clk 00:31:36]} {[%emt 00:00:19]} 29. Ba3
{[%clk 00:11:02]} {[%emt 00:00:51]} Bc8 {[%clk 00:29:55]} {[%emt 00:01:45]} 30.
e4 {[%clk 00:10:10]} {[%emt 00:01:07]} b6 {[%clk 00:28:42]} {[%emt 00:01:21]}
31. cxd5 {[%clk 00:08:58]} {[%emt 00:01:24]} exd5 {[%clk 00:28:33]} {[%emt
00:00:19]} 32. exd5 {[%clk 00:08:44]} {[%emt 00:00:24]} cxd5 {[%clk 00:25:56]}
{[%emt 00:02:45]} 33. Bd6+ {[%clk 00:06:54]} {[%emt 00:02:04]} Ka8 {[%clk
00:25:57]} {[%emt 00:00:07]} 34. Rcc1 {[%clk 00:05:28]} {[%emt 00:01:37]} Rh3+
{[%clk 00:24:59]} {[%emt 00:01:08]} 35. gxh3 {[%clk 00:04:15]} {[%emt
00:01:23]} gxh3+ {[%clk 00:25:02]} {[%emt 00:00:06]} 36. Kf2 {[%clk 00:04:06]}
{[%emt 00:00:13]} Bb7 {[%clk 00:24:38]} {[%emt 00:00:38]} 37. Rg1 {[%clk
00:02:46]} {[%emt 00:01:33]} Ng4+ {[%clk 00:23:56]} {[%emt 00:00:52]} 38. Kf3
{[%clk 00:02:00]} {[%emt 00:00:57]} Nh2+ {[%emt 00:02:28]} 39. Ke2 {[%clk
00:02:04]} {[%emt 00:00:05]} Rh8 {[%clk 00:21:04]} {[%emt 00:00:44]} 40. e6
{[%clk 00:01:29]} {[%emt 00:00:45]} d4 {[%clk 00:21:05]} {[%emt 00:00:10]} 41.
Bh7 {[%clk 00:00:57]} {[%emt 00:00:41]} Ba6+ {[%clk 00:20:26]} {[%emt
00:00:38]} 42. Kf2 {[%clk 00:01:06]} {[%emt 00:00:13]} d3 {[%clk 00:19:49]}
{[%emt 00:00:46]} 43. Be4+ {[%clk 00:00:52]} {[%emt 00:00:24]} Bb7 {[%clk
00:19:38]} {[%emt 00:00:20]} 44. Bxd3 {[%clk 00:00:55]} {[%emt 00:00:09]} Nf3
{[%clk 00:19:26]} {[%emt 00:00:20]} 45. Rg7 {[%clk 00:00:51]} {[%emt 00:00:15]}
Nd4 {[%clk 00:17:54]} {[%emt 00:01:43]} 46. Rxb7 {[%clk 00:00:46]} {[%emt
00:00:15]} Kxb7 {[%emt 00:00:12]} 47. Be4+ {[%emt 00:00:02]} Ka6 {[%clk
00:17:34]} {[%emt 00:00:16]} 48. Be5 {[%clk 00:00:55]} {[%emt 00:00:02]} Re8
{[%clk 00:17:02]} {[%emt 00:00:36]} 49. Bxd4 {[%clk 00:01:01]} {[%emt
00:00:10]} Rxe6 {[%clk 00:17:03]} {[%emt 00:00:09]} 50. Bf3 {[%clk 00:01:06]}
{[%emt 00:00:04]} Kb5 {[%clk 00:16:53]} {[%emt 00:00:15]} 51. a4+ {[%clk
00:01:09]} {[%emt 00:00:12]} Kb4 {[%clk 00:16:53]} {[%emt 00:00:10]} 52. Bc3+
{[%clk 00:01:13]} {[%emt 00:00:06]} Kc5 {[%clk 00:16:45]} {[%emt 00:00:15]} 53.
b4+ {[%clk 00:01:18]} {[%emt 00:00:09]} Kc4 {[%clk 00:16:48]} {[%emt 00:00:06]}
54. Bd2+ {[%clk 00:01:26]} {[%emt 00:00:03]} Kd3 {[%clk 00:16:50]} {[%emt
00:00:08]} 55. Be3 {[%clk 00:01:18]} {[%emt 00:00:18]} Rh6 {[%clk 00:16:35]}
{[%emt 00:00:24]} 56. Be2+ {[%clk 00:01:19]} {[%emt 00:00:09]} Ke4 {[%clk
00:16:37]} {[%emt 00:00:08]} 57. Rd1 {[%clk 00:01:21]} {[%emt 00:00:05]} h2
{[%clk 00:16:36]} {[%emt 00:00:14]} 58. Bf3+ {[%clk 00:01:30]} {[%emt
00:00:02]} Kf5 {[%clk 00:16:41]} {[%emt 00:00:05]} 59. Rd5+ {[%clk 00:01:38]}
{[%emt 00:00:01]} Ke6 {[%clk 00:16:50]} {[%emt 00:00:02]} 60. f5+ {[%emt
00:00:08]} 1-0

[Event "ABC-4 2025 Groep A"]
[Site "Utrecht"]
[Date "2025.03.15"]
[Round "1.4"]
[White "Luong, Thao"]
[Black "Smeenk, Merijn"]
[Result "1-0"]
[WhiteFideId "8890816"]
[BlackFideId "8707919"]
[WhiteElo "1838"]
[BlackElo "1993"]

1. e4 {[%clk 00:55:18]} c5 {[%clk 00:55:10]} {[%emt 00:00:10]} 2. Nf3 {[%clk
00:55:23]} {[%emt 00:00:05]} Nc6 {[%clk 00:55:14]} {[%emt 00:00:07]} 3. d4
{[%clk 00:55:27]} {[%emt 00:00:07]} cxd4 {[%clk 00:55:16]} {[%emt 00:00:07]} 4.
Nxd4 {[%clk 00:55:33]} {[%emt 00:00:04]} e5 {[%clk 00:55:16]} {[%emt 00:00:10]}
5. Nb5 {[%clk 00:55:35]} {[%emt 00:00:08]} d6 {[%clk 00:55:16]} {[%emt
00:00:10]} 6. N1c3 {[%clk 00:55:37]} {[%emt 00:00:08]} a6 {[%clk 00:55:19]}
{[%emt 00:00:08]} 7. Na3 {[%clk 00:55:31]} {[%emt 00:00:15]} b5 {[%clk
00:55:22]} {[%emt 00:00:08]} 8. Nd5 {[%clk 00:55:15]} {[%emt 00:00:26]} Nge7
{[%clk 00:55:13]} {[%emt 00:00:18]} 9. Be3 {[%clk 00:54:21]} {[%emt 00:01:05]}
Nxd5 {[%clk 00:54:50]} {[%emt 00:00:34]} 10. exd5 {[%clk 00:54:19]} {[%emt
00:00:11]} Ne7 {[%clk 00:54:24]} {[%emt 00:00:35]} 11. c4 {[%clk 00:53:33]}
{[%emt 00:00:57]} Nf5 {[%clk 00:41:53]} {[%emt 00:12:41]} 12. cxb5 {[%clk
00:51:38]} {[%emt 00:02:06]} Nxe3 {[%clk 00:41:35]} {[%emt 00:00:27]} 13. fxe3
{[%clk 00:51:16]} {[%emt 00:00:32]} Qh4+ {[%clk 00:39:36]} {[%emt 00:02:07]} 14.
Kd2 {[%clk 00:49:55]} {[%emt 00:01:33]} Qb4+ {[%clk 00:32:44]} {[%emt
00:07:02]} 15. Kc1 {[%clk 00:45:48]} {[%emt 00:04:17]} Qc5+ {[%clk 00:25:54]}
{[%emt 00:07:00]} 16. Kb1 {[%clk 00:45:14]} {[%emt 00:00:45]} Qxe3 {[%clk
00:24:10]} {[%emt 00:01:54]} 17. bxa6 {[%clk 00:42:35]} {[%emt 00:02:49]} Bf5+
{[%clk 00:23:01]} {[%emt 00:01:18]} 18. Nc2 {[%clk 00:39:51]} {[%emt 00:02:55]}
Rb8 {[%clk 00:13:26]} {[%emt 00:09:39]} 19. a4 {[%clk 00:38:11]} {[%emt
00:01:56]} Qb3 {[%clk 00:08:42]} {[%emt 00:04:52]} 20. Bb5+ {[%clk 00:37:00]}
{[%emt 00:01:23]} Kd8 {[%clk 00:08:34]} {[%emt 00:00:18]} 21. Ra3 {[%clk
00:35:50]} {[%emt 00:01:20]} Bxc2+ {[%clk 00:08:17]} {[%emt 00:00:27]} 22. Qxc2
{[%clk 00:35:50]} {[%emt 00:00:10]} Qxd5 {[%clk 00:08:08]} {[%emt 00:00:18]} 23.
Bc6 {[%clk 00:35:17]} {[%emt 00:00:44]} Qa5 {[%clk 00:07:22]} {[%emt 00:00:56]}
24. Bb7 {[%clk 00:34:00]} {[%emt 00:01:27]} d5 {[%clk 00:05:01]} {[%emt
00:02:31]} 25. Rc3 {[%clk 00:33:19]} {[%emt 00:00:51]} Bb4 {[%clk 00:04:59]}
{[%emt 00:00:12]} 26. Rc8+ {[%clk 00:32:51]} {[%emt 00:00:38]} Ke7 {[%clk
00:05:02]} {[%emt 00:00:05]} 27. Rc7+ {[%clk 00:28:52]} {[%emt 00:04:11]} Ke6
{[%clk 00:04:35]} {[%emt 00:00:37]} 28. Qc6+ {[%clk 00:28:11]} {[%emt
00:00:50]} Bd6 {[%clk 00:04:35]} {[%emt 00:00:11]} 29. Qd7+ {[%emt 00:01:06]}
1-0